Nařízení vlády o regulačních odvodech ve mzdové oblasti s komentářem.

Komentár k nariadeniu vlády ČSFR z 3. januára 1991 č.15/1991 Zb. o regulačných odvodoch v mzdovej oblasti v roku 1991. Odvodenie základu regulačného odvodu, jeho protiinflačné pôsobenie. Odmeny a mzdy vylúčené z regulačného odvodu. Sadzba odvodu zo základu odvodu.

Saved in:
Bibliographic Details
Main Author: Hoffman, J.
Other Authors: Majerová, J.
Format: Book Chapter
Language:Czech
Subjects:
Tags: Add Tag
No Tags, Be the first to tag this record!

MARC

LEADER 00000naa a2200000 4500
001 r003921
005 20221125081018.9
041 0 |a cze 
044 |a [CS] 
245 1 0 |a Nařízení vlády o regulačních odvodech ve mzdové oblasti s komentářem.  |c J. Hoffman, J. Majerová 
520 |a Komentár k nariadeniu vlády ČSFR z 3. januára 1991 č.15/1991 Zb. o regulačných odvodoch v mzdovej oblasti v roku 1991. Odvodenie základu regulačného odvodu, jeho protiinflačné pôsobenie. Odmeny a mzdy vylúčené z regulačného odvodu. Sadzba odvodu zo základu odvodu. 
610 2 0 |a náklady mzdové 
610 2 0 |a odvody z prírastku miezd 
610 2 0 |a mzdy 
610 2 0 |a náhrada mzdy 
610 2 0 |a tarify mzdové 
610 2 0 |a 1991 
610 2 0 |a ČSFR 
100 1 |a Hoffman, J. 
700 1 |a Majerová, J.